1995: Rast Tento rok bude prelomovým

Očakávaný obrat v ekonomike strednej a východnej Európy v roku 1995, znamenajúci rast národných ekonomík. Problematické oblasti ekonomiky na zabezpečenie hospodárskeho rastu, problém úverov a daní. Bariéry rozvoja podnikania a zahraničných investícií v krajinách Višegrádskej štvorky. Prognózy vývoja...

Descrizione completa

Salvato in:
Dettagli Bibliografici
Autore principale: Rusňáková, V.
Natura: Capitolo di libro
Lingua:slovacco
Soggetti:
Tags: Aggiungi Tag
Nessun Tag, puoi essere il primo ad aggiungerne!!

MARC

LEADER 00000naa a2200000 4500
001 r017121
005 20221205102621.0
041 0 |a slo 
044 |a SK 
245 1 0 |a 1995: Rast  |b Tento rok bude prelomovým  |c V. Rusňáková 
520 |a Očakávaný obrat v ekonomike strednej a východnej Európy v roku 1995, znamenajúci rast národných ekonomík. Problematické oblasti ekonomiky na zabezpečenie hospodárskeho rastu, problém úverov a daní. Bariéry rozvoja podnikania a zahraničných investícií v krajinách Višegrádskej štvorky. Prognózy vývoja hospodárstva, vývoja vývozu a dovozu krajín strednej a východnej Európy na rok 1995 - v tab. 
610 2 0 |a rast hospodársky 
610 2 0 |a stredná Európa 
610 2 0 |a východná Európa 
610 2 0 |a prognózy hospodárske 
610 2 0 |a 1995 
610 2 0 |a Vyšehradská štvorka 
610 2 0 |a vývoz 
610 2 0 |a dovoz 
610 2 0 |a úver zahraničný 
610 2 0 |a bariéry investičné 
610 2 0 |a inflácia 
100 1 |a Rusňáková, V.